| 000 | 00692nam a2200205Ia 4500 | ||
|---|---|---|---|
| 003 | GCL | ||
| 008 | 140319s9999 xx 000 0 ara d | ||
| 040 |
_aGCL / _cGCL |
||
| 082 | 0 | 4 |
_aق _b962.32 _bف ت |
| 100 | 1 | _aفاروق فايق ارمانيوس (اعداد) | |
| 245 | 1 | 0 |
_aالتشريعات المتعلقة بالاثار / _cفاروق فايق ارمانيوس (اعداد) |
| 260 |
_a[S.N] : _bالهيئة المصرية العامة للكتاب ، _c1982 |
||
| 300 | _a117 ص | ||
| 490 | _a | ||
| 650 | 0 | 4 | _aمصر |
| 650 | 0 | 4 | _aقوانين وتشريعات |
| 650 | 0 | 4 | _aالاثار الفرعونية |
| 650 | 0 | 4 | _aالمؤسسات العامة |
| 942 |
_2ddc _cBK |
||
| 999 |
_c30422 _d30422 |
||